00393nam a2200145Ia 4500008004100000020001500041041000800056082001500064100002200079245003000101250000600131260005200137300001100189650004700200210716s2002 xx 000 0 und d a8120321235 aeng a332.6 HAUR aHaugen, Robert A. aModern investment theory. a5 aNew DelhibPrentice Hall of India PVt Ltdc2002 axv,656 aInvestment Analysis & Portfolio Management